Statistics for MLB 10 Pitchers With the Most Saves 2017

Click here to take the quiz!

General Stats

  • This quiz has been taken 16 times
  • The average score is 5 of 10

Answer Stats

Team and Number of SavesPitcher% Correct
Red Sox 35Craig Kimbrel
70%
Rockies 41Greg Holland
70%
Dodgers 41Kenley Jansen
70%
Cubs 32Wade Davis
60%
Mariners 34Edwin DIaz
50%
Astros 34Ken Giles
50%
Diamondbacks 39Fernando Rodney
40%
Blue Jays 39Roberto Osuna
40%
Rays 47Alex Colome
30%
Brewers 39Cory Knebel
30%

Score Distribution

Percentile by Number Answered

Percent of People with Each Score

Your Score History

You have not taken this quiz